Compendio de los castillos medievales de la provincia de Soria en el que se incluyen torres y atalayas de la misma época (Record no. 67524)

MARC details
000 -LEADER
campo de control de longitud fija 00934nam a2200229 i 4500
001 - NÚMERO DE CONTROL
campo de control 67524
003 - IDENTIFICADOR DE NÚMERO DE CONTROL
campo de control ES-MaACL
005 - FECHA Y HORA DE LA ÚLTIMA TRANSACCIÓN
campo de control 20230906170108.0
007 - CAMPO FIJO DE DESCRIPCIÓN FÍSICA--INFORMACIÓN GENERAL
campo de control de longitud fija t|
008 - DATOS DE LONGITUD FIJA--INFORMACIÓN GENERAL
campo de control de longitud fija 040602s2003 sp ||||1| spa d
020 ## - NÚMERO INTERNACIONAL ESTÁNDAR DEL LIBRO
Número Internacional Estándar del Libro 84-95099-61-6
080 ## - NÚMERO DE LA CLASIFICACIÓN DECIMAL UNIVERSAL
Número de la Clasificación Decimal Universal 728.81(460.186)
100 1# - ENTRADA PRINCIPAL--NOMBRE DE PERSONA
Nombre de persona Lorenzo Celorrio, Angel.
9 (RLIN) 74178
245 10 - MENCIÓN DEL TÍTULO
Título Compendio de los castillos medievales de la provincia de Soria en el que se incluyen torres y atalayas de la misma época
Resto del título : aumentado con las trazas de los ejemplares más representativos y adornado con ilustraciones de aquellos que conservan restos significativos /
Mención de responsabilidad, etc. Angel Lorenzo Celorrio.
260 ## - PUBLICACIÓN, DISTRIBUCIÓN, ETC.
Lugar de publicación, distribución, etc. Soria :
Nombre del editor, distribuidor, etc. Diputación Provincial de Soria,
Fecha de publicación, distribución, etc. 2003.
300 ## - DESCRIPCIÓN FÍSICA
Extensión 495 p. :
Otras características físicas il., planos ;
Dimensiones 24 cm.
490 1# - MENCIÓN DE SERIE
Mención de serie Temas sorianos 44
650 14 - PUNTO DE ACCESO ADICIONAL DE MATERIA--TÉRMINO DE MATERIA
Término de materia o nombre geográfico como elemento de entrada Castillos-
Subdivisión geográfica Soria (Provincia)
9 (RLIN) 10834
830 0# - PUNTO DE ACCESO ADICIONAL DE SERIE-TÍTULO UNIFORME
Título uniforme Temas sorianos 44
9 (RLIN) 230899
852 ## - LOCALIZACIÓN
Ubicación ES-MaACL
Número de control de estantería L-27747
Sublocalización o colección R.133559
Holdings
Estatus retirado Estado de pérdida Estado de daño No para préstamo Biblioteca de origen Biblioteca actual Ubicación en estantería Fecha de adquisición Fuente de adquisición Total de préstamos Signatura topográfica completa Código de barras Visto por última vez Precio de reemplazo Tipo de ítem Koha
        Biblioteca del Ateneo de Madrid Biblioteca del Ateneo de Madrid Depósito 2 17/01/2008     L-27747 1070705 23/02/2023 23/02/2023 Libro impreso